| 000 -ლიდერი |
| ფიქსირებული სიგრძის საკონტროლო ველი |
01048nam a22001817a 4500 |
| 003 - საკონტროლო ნომრის იდენტიფიკატორი |
| საკონტროლო ველი |
Ge_BSU |
| 005 - ბოლო ოპერაციის თარიღი და დრო |
| საკონტროლო ველი |
20230404110353.0 |
| 008 - ფიქსირებული სიგრძის მონაცემთა ელემენტები - ზოგადი ინფორმაცია |
| ფიქსირებული სიგრძის საკონტროლო ველი |
230404s1964 ge ||||| |||| 00| 0 geo d |
| 041 ## - ენის კოდი |
| Language code of text/sound track or separate title |
geo |
| 080 ## - უნივერსალური ათობითი კლასიფიკაციის ინდექსი |
| Universal Decimal Classification number |
902.2(479.22)+903.35(479.22)+725.1 ხ-34 |
| 100 ## - მთავარი ჩანაწერი - პიროვნების სახელი |
| Personal name |
ხახუტაიშვილი, დავით |
| 9 (RLIN) |
17457 |
| 245 ## - ცნობა სათაურის შესახებ |
| Title |
უფლისციხე : |
| Remainder of title |
[ტ.] 1 : 1957-1963 წწ. არქეოლოგიური კვლევა-ძიების შედეგები / |
| Statement of responsibility, etc |
დ. ხახუტაიშვილი ; საქ. სსრ მეცნ. აკად., ივ. ჯავახიშვილის სახ. ისტორიის, არქეოლოგიის და ეთნოგრაფიის ინ-ტი. |
| 264 ## - წარმოების, გამოცემის, დისტრიბუციის და სხვა ცნობები |
| გამოცემის, წარმოების, დისტრიბუციის... ადგილი |
თბილისი : |
| გამოცემის, წარმოების, დისტრიბუციის... სახელწოდება |
მეცნიერება, |
| გამოცემის, წარმოების, დისტრიბუციის... თარიღი |
1964. |
| 300 ## - ფიზიკური აღწერა |
| Extent |
118 გვ.: |
| Other physical details |
ტაბულები; |
| Dimensions |
26 სმ. |
| 653 ## - INDEX TERM--UNCONTROLLED |
| Uncontrolled term |
არქეოლოგიური კვლევა |
| 653 ## - INDEX TERM--UNCONTROLLED |
| Uncontrolled term |
უფლისციხე |
| 942 ## - ADDED ENTRY ELEMENTS (KOHA) |
| Source of classification or shelving scheme |
|
| Koha item type |
წიგნი |